SpongeBob SquarePants Characters - Statistics

General Stats
  • This quiz has been taken 114 times
  • The average score is 41 of 116
Answer Stats
Picture Answer % Correct
Barnacle Boy
89%
Eugene H. Krabs
88%
Robot SpongeBob
88%
SpongeBob SquarepPants
88%
Sandy Cheeks
85%
Patrick Star
84%
Gary Gulper
83%
Gary Wilson, Jr.
83%
Sheldon J. Plankton
83%
Larry the Lobster
81%
Pearl Krabs
81%
Squidward Tentacles
81%
Penelope Puff
80%
Karen Plankton
79%
Mermaid Man
77%
Dirty Bubble
76%
King Neptune
75%
DoodleBob
69%
Bubble Bass
68%
Jellyfish
68%
Man Ray
68%
Bubble Buddy
67%
Patchy the Pirate
67%
Santa Claus
67%
The Flying Dutchman
67%
David Hasselhoff
65%
Fred
65%
Grandma SquarePants
64%
Squilliam Fancyson
64%
Anchovies
61%
Old Man Jenkins
57%
Alaskan Bull Worm
56%
Nosferatu
55%
Flats the Flounder
53%
Dave
52%
Officer Slugfish
52%
Kevin C. Cucumber
51%
Perch Perkins
48%
Potty the Parrot
48%
Sage
48%
Harold
44%
Harold
44%
Harold SquarePants
44%
Princess Mindy
43%
Sea Bear
43%
Dennis
41%
Hans
40%
Cyclops
36%
Margaret SquarePants
35%
Smitty Werbenjägermanjansen
35%
Painty the Pirate
33%
King Poseidon
32%
Spot
32%
Tattletale Strangler
32%
Triton
31%
Billy
28%
Kelpy G
28%
Betsy Krabs
25%
Bubbles
25%
Burger Beard
25%
Dr. Gill Gilliam
25%
Suzy
25%
Mrs. Tentacles
24%
Mr. What Zit Tooya
24%
Officer Nancy
24%
Snellie
21%
Don the Whale
20%
Frank
20%
Frank
20%
Frank
20%
French Narrator
19%
Junior
19%
Puffy Fluffy
19%
Tom
17%
Realistic Fish Head
16%
Mary the Snail
15%
Reg
15%
Mr. Mailman
13%
Nat Peterson
12%
Dale
11%
Horace A. Whopper
11%
Lenny
11%
Narlene the Narwhal
11%
Scooter
11%
Bert
9%
Con Man
9%
Lord Royal Highness
9%
Nobby Narwhal
9%
Otto
9%
Queen Amphitrite
9%
Victor
9%
Gale
8%
Jimmy
8%
Lou
8%
Helen the Felon
7%
Old Man Walker
7%
Richard
7%
Rube Goldfish
7%
Slappy Laszlo
7%
Steve
7%
Chancellor
5%
Clint
5%
Harris
5%
Popeye fish
5%
Sadie
5%
Tiff
5%
Tina
5%
Mr. Bargain Hunter
4%
Officer Dorado
4%
Officer Johnson
4%
Putzy
4%
Rechid
4%
Sandals
4%
Thaddeus
4%
Troutenheimer
4%
Tuck Tucker
4%
No matching quizzes found
Score Distribution
Percent of People with Each Score
Percentile by Number Answered
Your Score History
You have not taken this quiz